final fantasy enemies and bosses - Statistics

General Stats
  • This quiz has been taken 62 times
  • The average score is 26 of 45
Answer Stats
Hint Answer % Correct
little creature with a knife tonberry
89%
pointy creature, 1000 cactuar
87%
main villain of ff7 sephiroth
87%
queen of ice shiva
87%
king of dragons bahamut
84%
sea dragon of the water leviathan
84%
revival bird phoenix
84%
God of the earth titan
84%
wielder of 4 blades gilgamesh
82%
green creature with bad breath and eight tentacles malboro
82%
man with lightning ramuh
82%
dog of the underworld cerberus
79%
first boss of ff8 ifrit
79%
kills everyone in one slice odin
79%
one of the turks reno
79%
scientist of shinra hojo
76%
main villain of ff6 kefka
76%
one of the turks elena
74%
main villain thinks is his mother jenova
74%
leader of shinra rufus
74%
one of the turks rude
71%
ostrich like bird chocobo
68%
someone in the military soldier
63%
second boss of ff7 airbuster
55%
small mischievous creature goblin
55%
monster of ff10 sin
53%
main villain of ff8 ultimecia
53%
purple octopus that shows up a lot of times ultros
53%
puff of fire bomb
50%
knight of her seifer
50%
main villain of ff4 version two zeromus
50%
giant castle alexander
45%
first boss of ff4 mist dragon
45%
main villain of ff8 possessing someone edea
42%
main villain of ff4 version one zemus
37%
creature trapped in ice from ff6 tritoch
26%
first boss of ff6 whelk
26%
three headed woman asura
24%
first boss of ff7 scorpion sentinel
24%
giant snake midgardsormr
21%
huge turtle, also is armor in 4 admantoise
16%
cute little creature carbunkle
11%
his creature type is unknown, from ff8 diablos
11%
a big bull kajuta
8%
main villain of ff5 exedeath
5%
No matching quizzes found
Score Distribution
Percent of People with Each Score
Percentile by Number Answered
Your Score History
You have not taken this quiz